Textbook of electrical technology in S.I. system of units (Record no. 31218)

000 -LEADER
fixed length control field 00505nam a22001817a 4500
001 - CONTROL NUMBER
control field 31218
003 - CONTROL NUMBER IDENTIFIER
control field BD-DhUET
008 - FIXED-LENGTH DATA ELEMENTS--GENERAL INFORMATION
fixed length control field 150629b xxu||||| |||| 00| 0 eng d
040 ## - CATALOGING SOURCE
Original cataloging agency DLC
Transcribing agency DLC
Modifying agency BD-DhUET
082 ## - DEWEY DECIMAL CLASSIFICATION NUMBER
Classification number 623
Item number THE/1985
100 ## - MAIN ENTRY--PERSONAL NAME
Personal name Theraja, B. L.
245 ## - TITLE STATEMENT
Title Textbook of electrical technology in S.I. system of units
250 ## - EDITION STATEMENT
Edition statement 20th ed.
260 ## - PUBLICATION, DISTRIBUTION, ETC. (IMPRINT)
Place of publication, distribution, etc. New Delhi
Name of publisher, distributor, etc. Nirja Construction and Development
Date of publication, distribution, etc. 1985
300 ## - PHYSICAL DESCRIPTION
Extent xxii, 1604 p.
Other physical details ill.
650 #0 - SUBJECT ADDED ENTRY--TOPICAL TERM
Topical term or geographic name as entry element Electrical engineering
942 ## - ADDED ENTRY ELEMENTS (KOHA)
Koha item type General Book
Holdings
Copy number Koha item type Koha full call number Koha date last seen Source of classification or shelving scheme Damaged status Piece designation (barcode) Not for loan Price effective from Date acquired Shelving location Koha normalized classification for sorting Sublocation or collection (holding branch) Location (home branch) Lost status Withdrawn status
1Reading Item623/THE/19852015-06-29  65711 2015-06-292015-06-29Reading section623_000000000000000_THE_1985Central Library, BUETCentral Library, BUET